Statistics for Eurovision song contest 2019

Click here to take the quiz!

General Stats

  • This quiz has been taken 230 times
    (219 since last reset)
  • The average score is 38 of 41

Answer Stats

songartistcountry% Correct
Zero GravityKate Miller-HeidkeAustralia
97%
ReplayTamtaCyprus
97%
ChameleonMichelaMalta
97%
ScreamSergey LazarevRussia
97%
SisterS!stersGermany
96%
ArcadeDuncan LawrenceNetherlands
96%
Say na Na NaSerhatSan Marino
96%
Like itZENABelarus
95%
RoiBilal HassaniFrance
95%
SoldiMahmoodItaly
95%
Too Late for LoveJohn LundvikSweden
95%
Friend of A FriendLake MalawiCzech Republic
94%
StormVictor CroneEstonia
94%
Love is ForeverLeonoraDenmark
93%
Look AwayDarude Ft Sebastian RejmanFinland
93%
Hatrio Mun SigraHatariIceland
93%
22Sarah McternanIreland
93%
Spirit in the skyKeiinoNorway
93%
La VendaMikiSpain
93%
Bigger Than UsMichael RiceUnited Kingdom
93%
TruthChingizAzerbaijan
92%
HomeKobi MarimiIsrael
92%
ProudTamara TodevskaNorth Macedonia
92%
Fire of LoveTuliaPoland
92%
She Got MeLuca HanniSwitzerland
92%
Wake UpElliotBelgium
91%
Better LoveKaterina DuskaGreece
91%
SebiZala Kralj and Gaspar ZantlSlovenia
91%
Az En ApamJoci PapaiHungary
90%
telemoveisConan OsirisPortugal
90%
KrunaNevena BozovicSerbia
90%
LimitsPaendaAustria
89%
HeavenD-MollMontenegro
89%
Ktheju TokesJonida MaliqiAlbania
88%
Walking OutSrbukArmenia
88%
Run With LionsJurijusLithuania
86%
The DreamRokoCroatia
85%
Su Tsin IareOto NemsadzeGeorgia
85%
StayAnna OdubescuMoldova
85%
On a SundayEster PeonyRomania
85%
That NightCarouselLatvia
84%

Score Distribution

Percentile by Number Answered

Percent of People with Each Score

Your Score History

You have not taken this quiz since the last reset